000 00592nam a22001817a 4500
003 UA-OsUOA
001 16317
007 ta
008 20031227b un ||||| |||| 00| 0 ukr d
100 _aПогонська В.
942 _cSA
040 _aUA-OsUOA
_cUA-OsUOA
_dUA-OsUOA
245 _aПрацевлаштування соціально незахищених громадян [Рівнен. міськ. центром зайнятості]
300 _aС.16
955 _a0
773 0 _w0
_tСім днів
_dРівне
_d2003
_g№50/12 груд./
650 7 _aЗайнятість
_2UDC
999 _c302482
_d302482